ბათუმის შოთა რუსთაველის სახელმწიფო უნივერსიტეტის ბიბლიოთეკა

Дизели и газовые двигатели. (ბიბ.ჩანაწერი № 40748)

000 -LEADER
fixed length control field 00692nam a2200217Ia 4500
001 - CONTROL NUMBER
control field 7387
003 - CONTROL NUMBER IDENTIFIER
control field GE_BSU
008 - FIXED-LENGTH DATA ELEMENTS--GENERAL INFORMATION
fixed length control field 181216s||||||||xx |||||||||||||| ||und||
040 ## - CATALOGING SOURCE
Transcribing agency GE_BSU
080 ## - UNIVERSAL DECIMAL CLASSIFICATION NUMBER
Universal Decimal Classification number 621.436.2(03)
245 ## - TITLE STATEMENT
Title Дизели и газовые двигатели.
245 ## - TITLE STATEMENT
Remainder of title Каталог-справочник.
245 ## - TITLE STATEMENT
Statement of responsibility, etc. Сост. Л.В.Васин. БН.Ахун. Н.И.Иваченко и др. Под ред. А.А.Фадина. Ред. из-во М.П.Юкевич.
260 ## - PUBLICATION, DISTRIBUTION, ETC.
Place of publication, distribution, etc. Л.
260 ## - PUBLICATION, DISTRIBUTION, ETC.
Name of publisher, distributor, etc. Машгиз.
260 ## - PUBLICATION, DISTRIBUTION, ETC.
Date of publication, distribution, etc. 1961.
300 ## - PHYSICAL DESCRIPTION
Extent 279стр.
300 ## - PHYSICAL DESCRIPTION
Accompanying material табл.
653 ## - INDEX TERM--UNCONTROLLED
Uncontrolled term Дизели и газовые двигатели.
942 ## - ADDED ENTRY ELEMENTS (KOHA)
Koha item type წიგნი
ეგზემპლარები
Withdrawn status Lost status Damaged status Not for loan Date acquired Barcode Date last seen Price effective from Koha item type
        2018-12-17 9655 2018-12-17 2018-12-17 წიგნი
        2018-12-17 9656 2018-12-17 2018-12-17 წიგნი